Kpop songs from the year 2024 based on group/idol - Statistics

General Stats
  • This quiz has been taken 622 times
  • The average score is 10 of 20
Answer Stats
Hint Answer % Correct
ILLIT Magnetic
85%
Babymonster Sheesh
84%
Le sserafim Smart
80%
Kiss of life Midas touch
76%
(G)I-dle Super lady
76%
Le sserafim Easy
75%
Yuqi Freak
66%
(G)I-dle Wife
60%
Itzy Untouchable
52%
NMIXX Dash
48%
Newjeans Bubble gum
44%
Twice One spark
43%
Taeyeon To. X
36%
Babymonster Stuck in the middle
31%
NMIXX Run for roses
30%
VCHA Girls of the year
29%
IVE All night
25%
Taeyong Tap
25%
Chungha EENIE MEENIE
22%
Yuqi Could it be
20%
No matching quizzes found
Score Distribution
Percent of People with Each Score
Percentile by Number Answered
Your Score History
You have not taken this quiz